Statistics for Football players by Team History #2

Click here to take the quiz!

General Stats

  • This quiz has been taken 938 times
  • The average score is 9 of 10

Answer Stats

HintAnswer% Correct
Robert Lewandowski2005Delta Warsaw
97%
Romelu Lukaku2009-2011RSC Anderlecht
91%
Ángel Di María2005-2007Rosario Central
90%
Mesut Özil2006-2008Schalke 04
87%
Robin van Persie2001-2004Feyenoord
86%
Raphaël Varane2010-2011RC Lens
85%
Vincent Kompany2003-2006RSC Anderlecht
84%
Alisson Becker2012-2016SC Internacional
79%
Fernando Torres2001-2007Atlético Madrid
79%
Didier Drogba1998-2002Le Mans
76%

Score Distribution

Percentile by Number Answered

Percent of People with Each Score

Your Score History

You have not taken this quiz